000 00421nam a22001697a 4500
003 MACL
005 20150725174940.0
008 150725b xxu||||| |||| 00| 0 eng d
040 _cmacl
041 _aEnglish
082 _a330/KAP
100 _aKapila Uma
_92263
245 _aIndia's Economic Development Since 1947
260 _aNew Delhi
_bAcademic Foundation
_c2007
650 _aEconomics
_92465
942 _2ddc
_cBK
999 _c50174
_d50174